| 000 | 00445nam a2200157Ia 4500 | ||
|---|---|---|---|
| 008 | 190813s9999 xx 000 0 und d | ||
| 100 | _aMasse, Don | ||
| 245 | _aCollaging compositions/ | ||
| 245 | _cDon Masse | ||
| 260 | _bPublisher's Development Corporation | ||
| 260 | _c2018 | ||
| 300 | _aPages 14-15, October 2018 | ||
| 440 |
_aArts and Activities: Paper, cardboard and collage _v164: 2 |
||
| 650 | _aArts | ||
| 650 | _aArts -- Collage | ||
| 999 |
_c362029 _d362029 |
||